NBA Top 10 Highest Total Points Since 2000 - Statistics

General Stats
  • This quiz has been taken 31 times
    3 since last reset
  • The average score is 245 of 270
Answer Stats
Year Team Player % Correct
2008: 3 Nuggets Allen Iverson
100%
2007: 9 76ers/Nuggets Allen Iverson
100%
2006: 3 76ers Allen Iverson
100%
2005: 1 76ers Allen Iverson
100%
2003: 3 76ers Allen Iverson
100%
2002: 5 76ers Allen Iverson
100%
2001: 2 76ers Allen Iverson
100%
2000: 4 76ers Allen Iverson
100%
2020: 10 Lakers Anthony Davis
100%
2018: 3 Pelicans Anthony Davis
100%
2017: 4 Pelicans Anthony Davis
100%
2015: 8 Pelicans Anthony Davis
100%
2025: 2 Timberwolves Anthony Edwards
100%
2024: 6 Timberwolves Anthony Edwards
100%
2023: 6 Timberwolves Anthony Edwards
100%
2002: 8 Celtics Antoine Walker
100%
2001: 10 Celtics Antoine Walker
100%
2008: 8 Warriors Baron Davis
100%
2021: 4 Wizards Bradley Beal
100%
2020: 7 Wizards Bradley Beal
100%
2019: 4 Wizards Bradley Beal
100%
2018: 7 Wizards Bradley Beal
100%
2025: 9 Pistons Cade Cunningham
100%
2014: 2 Knicks Carmelo Anthony
100%
2013: 5 Knicks Carmelo Anthony
100%
2012: 9 Knicks Carmelo Anthony
100%
2011: 6 Nuggets/Knicks Carmelo Anthony
100%
2010: 6 Nuggets Carmelo Anthony
100%
2008: 5 Nuggets Carmelo Anthony
100%
2007: 6 Nuggets Carmelo Anthony
100%
2006: 6 Nuggets Carmelo Anthony
100%
2004: 6 Nuggets Carmelo Anthony
100%
2015: 10 Clippers Chris Paul
100%
2009: 7 Hornets Chris Paul
100%
2021: 2 Trail Blazers Damian Lillard
100%
2020: 2 Trail Blazers Damian Lillard
100%
2019: 5 Trail Blazers Damian Lillard
100%
2018: 6 Trail Blazers Damian Lillard
100%
2017: 6 Trail Blazers Damian Lillard
100%
2016: 5 Trail Blazers Damian Lillard
100%
2015: 5 Trail Blazers Damian Lillard
100%
2013: 9 Trail Blazers Damian Lillard
100%
2024: 9 Kings De'Aaron Fox
100%
2022: 2 Bulls DeMar DeRozan
100%
2018: 8 Raptors DeMar DeRozan
100%
2017: 7 Raptors DeMar DeRozan
100%
2016: 8 Raptors DeMar DeRozan
100%
2014: 8 Raptors DeMar DeRozan
100%
2011: 4 Bulls Derrick Rose
100%
2025: 6 Suns Devin Booker
100%
2022: 8 Suns Devin Booker
100%
2021: 7 Suns Devin Booker
100%
2020: 3 Suns Devin Booker
100%
2014: 10 Mavericks Dirk Nowitzki
100%
2012: 7 Mavericks Dirk Nowitzki
100%
2010: 4 Mavericks Dirk Nowitzki
100%
2009: 4 Mavericks Dirk Nowitzki
100%
2008: 7 Mavericks Dirk Nowitzki
100%
2007: 5 Mavericks Dirk Nowitzki
100%
2006: 5 Mavericks Dirk Nowitzki
100%
2005: 5 Mavericks Dirk Nowitzki
100%
2004: 7 Mavericks Dirk Nowitzki
100%
2003: 5 Mavericks Dirk Nowitzki
100%
2002: 10 Mavericks Dirk Nowitzki
100%
2026: 6 Cavaliers Donovan Mitchell
100%
2023: 8 Cavaliers Donovan Mitchell
100%
2022: 10 Jazz Donovan Mitchell
100%
2020: 9 Jazz Donovan Mitchell
100%
2011: 7 Heat Dwyane Wade
100%
2010: 3 Heat Dwyane Wade
100%
2009: 1 Heat Dwyane Wade
100%
2006: 8 Heat Dwyane Wade
100%
2005: 9 Heat Dwyane Wade
100%
2025: 4 Bucks Giannis Antetokounmpo
100%
2024: 3 Bucks Giannis Antetokounmpo
100%
2023: 5 Bucks Giannis Antetokounmpo
100%
2022: 6 Bucks Giannis Antetokounmpo
100%
2021: 6 Bucks Giannis Antetokounmpo
100%
2020: 4 Bucks Giannis Antetokounmpo
100%
2019: 7 Bucks Giannis Antetokounmpo
100%
2018: 5 Bucks Giannis Antetokounmpo
100%
2017: 3 Celtics Isaiah Thomas
100%
2016: 9 Celtics Isaiah Thomas
100%
2026: 7 Knicks Jalen Brunson
100%
2024: 4 Knicks Jalen Brunson
100%
2026: 8 Nuggets Jamal Murray
100%
2025: 10 Clippers James Harden
100%
2020: 1 Rockets James Harden
100%
2019: 1 Rockets James Harden
100%
2018: 2 Rockets James Harden
100%
2017: 2 Rockets James Harden
100%
2016: 1 Rockets James Harden
100%
2015: 1 Rockets James Harden
100%
2014: 7 Rockets James Harden
100%
2013: 4 Rockets James Harden
100%
2026: 3 Knicks Jaylen Brown
100%
2025: 5 Celtics Jayson Tatum
100%
2024: 8 Celtics Jayson Tatum
100%
2023: 1 Celtics Jayson Tatum
100%
2022: 4 Celtics Jayson Tatum
100%
2021: 9 Celtics Jayson Tatum
100%
2023: 2 76ers Joel Embiid
100%
2022: 3 76ers Joel Embiid
100%
2023: 7 Knicks Julius Randle
100%
2021: 8 Knicks Julius Randle
100%
2022: 9 Timberwolves Karl-Anthony Towns
100%
2019: 9 Timberwolves Karl-Anthony Towns
100%
2017: 5 Timberwolves Karl-Anthony Towns
100%
2026: 9 Clippers Kawhi Leonard
100%
2019: 3 Hornets Kemba Walker
100%
2026: 4 Rockets Kevin Durant
100%
2024: 7 Suns Kevin Durant
100%
2019: 6 Warriors Kevin Durant
100%
2018: 9 Warriors Kevin Durant
100%
2016: 3 Thunder Kevin Durant
100%
2014: 1 Thunder Kevin Durant
100%
2013: 1 Thunder Kevin Durant
100%
2012: 1 Thunder Kevin Durant
100%
2011: 1 Thunder Kevin Durant
100%
2010: 1 Thunder Kevin Durant
100%
2009: 5 Thunder Kevin Durant
100%
2007: 10 Timberwolves Kevin Garnett
100%
2004: 1 Timberwolves Kevin Garnett
100%
2003: 7 Timberwolves Kevin Garnett
100%
2000: 8 Timberwolves Kevin Garnett
100%
2014: 4 Timberwolves Kevin Love
100%
2012: 5 Timberwolves Kevin Love
100%
2016: 10 Warriors Klay Thompson
100%
2015: 6 Warriors Klay Thompson
100%
2013: 2 Lakers Kobe Bryant
100%
2012: 3 Lakers Kobe Bryant
100%
2011: 3 Lakers Kobe Bryant
100%
2010: 5 Lakers Kobe Bryant
100%
2009: 3 Lakers Kobe Bryant
100%
2008: 1 Lakers Kobe Bryant
100%
2007: 1 Lakers Kobe Bryant
100%
2006: 1 Lakers Kobe Bryant
100%
2005: 10 Lakers Kobe Bryant
100%
2003: 1 Lakers Kobe Bryant
100%
2002: 3 Lakers Kobe Bryant
100%
2001: 8 Lakers Kobe Bryant
100%
2015: 9 Cavaliers Kyrie Irving
100%
2020: 8 Lakers LeBron James
100%
2018: 1 Cavaliers LeBron James
100%
2017: 9 Cavaliers LeBron James
100%
2016: 4 Cavaliers LeBron James
100%
2015: 4 Cavaliers LeBron James
100%
2014: 3 Heat LeBron James
100%
2013: 3 Heat LeBron James
100%
2012: 2 Heat LeBron James
100%
2011: 2 Heat LeBron James
100%
2010: 2 Cavaliers LeBron James
100%
2009: 2 Cavaliers LeBron James
100%
2008: 2 Cavaliers LeBron James
100%
2007: 2 Cavaliers LeBron James
100%
2006: 2 Cavaliers LeBron James
100%
2005: 2 Cavaliers LeBron James
100%
2004: 8 Cavaliers LeBron James
100%
2018: 10 Clippers Lou Williams
100%
2026: 1 Lakers Luka Doncic
100%
2024: 1 Mavericks Luka Doncic
100%
2023: 3 Mavericks Luka Doncic
100%
2022: 7 Mavericks Luka Doncic
100%
2021: 5 Mavericks Luka Doncic
100%
2020: 6 Mavericks Luka Doncic
100%
2026: 10 Nuggets Nikola Jokić
100%
2025: 3 Nuggets Nikola Jokić
100%
2024: 5 Nuggets Nikola Jokić
100%
2022: 5 Nuggets Nikola Jokić
100%
2021: 3 Nuggets Nikola Jokić
100%
2019: 2 Thunder Paul George
100%
2016: 7 Pacers Paul George
100%
2014: 9 Pacers Paul George
100%
2006: 7 Celtics Paul Pierce
100%
2004: 4 Celtics Paul Pierce
100%
2003: 4 Celtics Paul Pierce
100%
2002: 1 Celtics Paul Pierce
100%
2001: 4 Celtics Paul Pierce
100%
2006: 10 SuperSonics Ray Allen
100%
2005: 8 SuperSonics Ray Allen
100%
2018: 4 Thunder Russell Westbrook
100%
2017: 1 Thunder Russell Westbrook
100%
2016: 6 Thunder Russell Westbrook
100%
2015: 3 Thunder Russell Westbrook
100%
2013: 6 Thunder Russell Westbrook
100%
2012: 4 Thunder Russell Westbrook
100%
2026: 2 Thunder Shai Gilgeous-Alexander
100%
2025: 1 Thunder Shai Gilgeous-Alexander
100%
2024: 2 Thunder Shai Gilgeous-Alexander
100%
2023: 4 Thunder Shai Gilgeous-Alexander
100%
2003: 9 Lakers Shaquille O'Neal
100%
2002: 6 Lakers Shaquille O'Neal
100%
2001: 3 Lakers Shaquille O'Neal
100%
2000: 1 Lakers Shaquille O'Neal
100%
2024: 10 Warriors Steph Curry
100%
2021: 1 Warriors Steph Curry
100%
2019: 8 Warriors Steph Curry
100%
2017: 8 Warriors Steph Curry
100%
2016: 2 Warriors Steph Curry
100%
2015: 2 Warriors Steph Curry
100%
2014: 6 Warriors Steph Curry
100%
2013: 7 Warriors Steph Curry
100%
2003: 6 Spurs Tim Duncan
100%
2002: 2 Spurs Tim Duncan
100%
2025: 7 Hawks Trae Young
100%
2023: 9 Hawks Trae Young
100%
2022: 1 Hawks Trae Young
100%
2020: 5 Hawks Trae Young
100%
2025: 8 Heat Tyler Herro
100%
2026: 5 76ers Tyrese Maxey
100%
2023: 10 Bulls Zach LaVine
100%
2021: 10 Pelicans Zion Williamson
100%
2011: 5 Knicks Amar'e Stoudemire
67%
2010: 7 Suns Amar'e Stoudemire
67%
2008: 4 Suns Amar'e Stoudemire
67%
2005: 3 Suns Amar'e Stoudemire
67%
2009: 6 Wizards Antawn Jamison
67%
2003: 10 Warriors Antawn Jamison
67%
2001: 7 Warriors Antawn Jamison
67%
2007: 7 Bulls Ben Gordon
67%
2019: 10 Pistons Blake Griffin
67%
2014: 5 Clippers Blake Griffin
67%
2012: 6 Clippers Blake Griffin
67%
2011: 10 Clippers Blake Griffin
67%
2012: 8 Bucks Brandon Jennings
67%
2009: 8 Trail Blazers Brandon Roy
67%
2010: 9 Raptors Chris Bosh
67%
2009: 9 Raptors Chris Bosh
67%
2017: 10 Kings/Pelicans DeMarcus Cousins
67%
2007: 3 Wizards Gilbert Arenas
67%
2006: 4 Wizards Gilbert Arenas
67%
2005: 4 Wizards Gilbert Arenas
67%
2012: 10 Hawks Josh Smith
67%
2002: 9 Jazz Karl Malone
67%
2000: 3 Jazz Karl Malone
67%
2015: 7 Trail Blazers LaMarcus Aldridge
67%
2013: 10 Trail Blazers LaMarcus Aldridge
67%
2006: 9 Bucks Michael Redd
67%
2004: 5 Bucks Michael Redd
67%
2013: 8 Bucks Monta Ellis
67%
2011: 8 Warriors Monta Ellis
67%
2004: 2 Kings Peja Stojaković
67%
2010: 10 Warriors/Bobcats Stephen Jackson
67%
2004: 10 Suns/Knicks Stephon Marbury
67%
2007: 8 Rockets Tracy McGrady
67%
2005: 6 Rockets Tracy McGrady
67%
2004: 3 Magic Tracy McGrady
67%
2003: 2 Magic Tracy McGrady
67%
2002: 4 Magic Tracy McGrady
67%
2001: 6 Magic Tracy McGrady
67%
2007: 4 Nets Vince Carter
67%
2005: 7 Raptors/Nets Vince Carter
67%
2004: 9 Raptors Vince Carter
67%
2001: 5 Raptors Vince Carter
67%
2000: 2 Raptors Vince Carter
67%
2010: 8 Grizzlies Zach Randolph
67%
2001: 9 Kings Chris Webber
33%
2000: 10 Kings Chris Webber
33%
2009: 10 Pacers Danny Granger
33%
2002: 7 SuperSonics Gary Payton
33%
2000: 5 SuperSonics Gary Payton
33%
2000: 7 Pistons Grant Hill
33%
2008: 9 Bobcats Jason Richardson
33%
2001: 1 Pistons Jerry Stackhouse
33%
2000: 6 Pistons Jerry Stackhouse
33%
2008: 10 Hawks Joe Johnson
33%
2000: 9 Mavericks Michael Finley
33%
2008: 6 Nets Richard Jefferson
33%
2003: 8 Knicks Allan Houston
0%
2011: 9 Rockets Kevin Martin
0%
No matching quizzes found
Score Distribution
Percent of People with Each Score
Percentile by Number Answered
Your Score History
You have not taken this quiz since the last reset